000 01817nam0a2200361 4500
001 RU\NLR\bibl\1287243
005 20240919233204.0
020 _aRU
_b08-2329
_9Летопись авторефератов диссертаций
021 _aRU
_b2007-25513а
_91021а
035 _a(NLR Aleph) 001272948
090 _a450657
_c450657
100 _a20080325d2007 u u0rusy50 ca
101 0 _arus
102 _aRU
105 _ay dm |||||
200 1 _aОсвещение в прессе публичной деятельности Президента РФ
_e(по материалам общероссийских газет 2000-2006 гг.)
_eавтореф. дис. на соиск. учен. степ. канд. филол. наук
_eспециальность 10.01.10 <Журналистика>
_fДенисова Ирина Николаевна
_gМоск. гос. ун-т им. М. В. Ломоносова, Фак. журналистики
210 _aМосква
_d2007
215 _a18 с.
_d21
320 _aБиблиогр.: с. 18 (6 назв.) и в подстроч. примеч.
610 0 _aРоссийская Федерация, филол. науки
675 _a070(470)
_v3
_zrus
686 _a19.41
_2rugasnti
686 _a76
_2rubbk
686 _a10.01.10
_2oksvnk
700 1 _4070
_aДенисова
_bИ. Н.
_cканд. филол. наук, журналистика
_gИрина Николаевна
_9248084
_3RU\NLR\AUTH\770248140
801 0 _aRU
_bRKP
_c20080325
_gPSBO
801 1 _aRU
_bRKP
_c20080325
801 2 _aRU
_bNLR
_c20081023
_grcr
901 _eАвторефераты
942 _cBOOK
981 1 0 _a(10) Авторефераты